000 00185 a2200097 4500
001 126827
040 _cEscola Canadense de Niteroi
090 _aMP
245 1 0 _aAlphabet
942 _cMATP
999 _c126827
_d126827